| 000 | 00516nam a22001697a 4500 | ||
|---|---|---|---|
| 999 |
_c190790 _d190790 |
||
| 005 | 20220804172412.0 | ||
| 010 | _aENG-134270 | ||
| 020 | _c350.00 | ||
| 035 | _aEN-117802 | ||
| 082 | _a345.540773 | ||
| 100 | _aGarg,A.S. | ||
| 245 |
_aDeath Sentence in 'Rarest of Rare Cases' 302 ? 303 IPC ? Pardon/ _cby A.S.Garg |
||
| 260 |
_aGurgaon _bSandeep Publications _c2013 |
||
| 270 |
_a584,Sector-15,Part-1, _bGurgaon _e122001 |
||
| 300 |
_a109p.: _c22cm(Hb) _bill |
||
| 942 |
_2ddc _cEN _h345.540773 _mGAR |
||